Introduction to probability and statistics / (Record no. 145266)
[ view plain ]
| 000 -LEADER | |
|---|---|
| fixed length control field | 00888cam0a220027700 4500 |
| 001 - CONTROL NUMBER | |
| control field | lce00113385 |
| 008 - FIXED-LENGTH DATA ELEMENTS--GENERAL INFORMATION | |
| fixed length control field | 760417s1977 caua b 001 0 eng |
| 010 ## - LIBRARY OF CONGRESS CONTROL NUMBER | |
| LC control number | 76013643 //r80 |
| 020 ## - INTERNATIONAL STANDARD BOOK NUMBER | |
| International Standard Book Number | 0716704676 |
| 035 ## - SYSTEM CONTROL NUMBER | |
| System control number | (Sirsi) r12260 |
| 035 ## - SYSTEM CONTROL NUMBER | |
| System control number | (DLC) 76013643 //r80 |
| 035 ## - SYSTEM CONTROL NUMBER | |
| System control number | (UPRA)lce00113385 |
| 050 0# - LIBRARY OF CONGRESS CALL NUMBER | |
| Classification number | QA273 |
| Item number | .A43 1977 |
| 082 ## - DEWEY DECIMAL CLASSIFICATION NUMBER | |
| Classification number | 519.2 |
| 100 1# - MAIN ENTRY--PERSONAL NAME | |
| Personal name | Alder, Henry L. |
| Linkage | A66809.1 |
| 245 10 - TITLE STATEMENT | |
| Title | Introduction to probability and statistics / |
| Statement of responsibility, etc. | Henry L. Alder, Edward B. Roessler. |
| 250 ## - EDITION STATEMENT | |
| Edition statement | 6th ed. |
| 260 ## - PUBLICATION, DISTRIBUTION, ETC. | |
| Place of publication, distribution, etc. | San Francisco : |
| Name of publisher, distributor, etc. | W. H. Freeman, |
| Date of publication, distribution, etc. | c1977. |
| 500 ## - GENERAL NOTE | |
| General note | Includes index. |
| 504 ## - BIBLIOGRAPHY, ETC. NOTE | |
| Bibliography, etc. note | Bibliography: p. [356]-359. |
| 650 #0 - SUBJECT ADDED ENTRY--TOPICAL TERM | |
| Topical term or geographic name entry element | Probabilities. |
| Linkage | S491.1 |
| 650 #0 - SUBJECT ADDED ENTRY--TOPICAL TERM | |
| Topical term or geographic name entry element | Statistics. |
| Linkage | S176.1 |
| 700 1# - ADDED ENTRY--PERSONAL NAME | |
| Personal name | Roessler, Edward Biffer, 1902- |
| Dates associated with a name | Roessler, Edward Biffer, 1902- |
| Linkage | A21548.1 |
| 949 ## - LOCAL PROCESSING INFORMATION (OCLC) | |
| a | QA273 |
| w | lcc |
| i | -5118 |
| m | MAIN |
| t | BOOK |
| l | ON-SHELF |
No items available.